<?xml version="1.0" encoding="UTF-8"?>
<record
    xmlns:xsi="http://www.w3.org/2001/XMLSchema-instance"
    xsi:schemaLocation="http://www.loc.gov/MARC21/slim http://www.loc.gov/standards/marcxml/schema/MARC21slim.xsd"
    xmlns="http://www.loc.gov/MARC21/slim">

  <leader>02122nas a2200349 i 4500</leader>
  <controlfield tag="001">187597</controlfield>
  <controlfield tag="003">SpMaBN</controlfield>
  <controlfield tag="005">20250217134925.0</controlfield>
  <controlfield tag="008">180828s1970    xxka|    e    |01 0||ng d</controlfield>
  <datafield tag="245" ind1="0" ind2="2">
    <subfield code="a">A year of your life </subfield>
    <subfield code="b">: a yearbook covering the events of [...].</subfield>
  </datafield>
  <datafield tag="246" ind1="3" ind2="4">
    <subfield code="a">Yearbook </subfield>
    <subfield code="b">: the new Caxton encyclopedia</subfield>
  </datafield>
  <datafield tag="260" ind1=" " ind2=" ">
    <subfield code="a">London : </subfield>
    <subfield code="b">International Learning Systems Corporation Limited, </subfield>
    <subfield code="c">[1970-]</subfield>
  </datafield>
  <datafield tag="300" ind1=" " ind2=" ">
    <subfield code="a">10  v. : </subfield>
    <subfield code="b">il., fot. ; </subfield>
    <subfield code="c">30 cm.</subfield>
  </datafield>
  <datafield tag="310" ind1=" " ind2=" ">
    <subfield code="a">Anual</subfield>
  </datafield>
  <datafield tag="362" ind1="0" ind2=" ">
    <subfield code="a">1970-</subfield>
  </datafield>
  <datafield tag="655" ind1=" " ind2="7">
    <subfield code="2">tgfbne</subfield>
    <subfield code="9">226822</subfield>
    <subfield code="a">Anuarios</subfield>
  </datafield>
  <datafield tag="852" ind1=" " ind2=" ">
    <subfield code="a">ES-MaACL</subfield>
    <subfield code="j">A-14203</subfield>
    <subfield code="9">194683</subfield>
    <subfield code="h">Donaci&#xF3;n:  Amadeo Al&#xE1;ez Rojo</subfield>
    <subfield code="b">R.151608</subfield>
    <subfield code="c">DEPO1</subfield>
    <subfield code="d">Olim: N-7203</subfield>
    <subfield code="p">Vol. 1</subfield>
    <subfield code="x">Encuadernaci&#xF3;n guaflex </subfield>
  </datafield>
  <datafield tag="852" ind1=" " ind2=" ">
    <subfield code="a">ES-MaACL</subfield>
    <subfield code="j">A-14204</subfield>
    <subfield code="h">Donaci&#xF3;n:  Amadeo Al&#xE1;ez Rojo</subfield>
    <subfield code="b">R.151608</subfield>
    <subfield code="c">DEPO1</subfield>
    <subfield code="d">Olin: N-7204</subfield>
    <subfield code="p">Vol. 2</subfield>
    <subfield code="x">Encuadernaci&#xF3;n guaflex </subfield>
    <subfield code="9">200917</subfield>
  </datafield>
  <datafield tag="852" ind1=" " ind2=" ">
    <subfield code="a">ES-MaACL</subfield>
    <subfield code="j">A-14205</subfield>
    <subfield code="h">Donaci&#xF3;n:  Amadeo Al&#xE1;ez Rojo</subfield>
    <subfield code="b">R.151608</subfield>
    <subfield code="c">DEPO1</subfield>
    <subfield code="p">Vol. 3</subfield>
    <subfield code="x">Encuadernaci&#xF3;n guaflex </subfield>
    <subfield code="d">Olin: N-7205</subfield>
    <subfield code="9">200918</subfield>
  </datafield>
  <datafield tag="852" ind1=" " ind2=" ">
    <subfield code="a">ES-MaACL</subfield>
    <subfield code="j">A-14206</subfield>
    <subfield code="h">Donaci&#xF3;n:  Amadeo Al&#xE1;ez Rojo</subfield>
    <subfield code="b">R.151608</subfield>
    <subfield code="c">DEPO1</subfield>
    <subfield code="p">Vol. 4</subfield>
    <subfield code="x">Encuadernaci&#xF3;n guaflex </subfield>
    <subfield code="d">Olim: N-7206</subfield>
    <subfield code="9"> 200919</subfield>
  </datafield>
  <datafield tag="852" ind1=" " ind2=" ">
    <subfield code="a">ES-MaACL</subfield>
    <subfield code="j">A-14207</subfield>
    <subfield code="h">Donaci&#xF3;n:  Amadeo Al&#xE1;ez Rojo</subfield>
    <subfield code="b">R.151608</subfield>
    <subfield code="c">DEPO1</subfield>
    <subfield code="p">Vol. 5</subfield>
    <subfield code="x">Encuadernaci&#xF3;n guaflex </subfield>
    <subfield code="d">Olim: N-7207</subfield>
    <subfield code="9"> 200920</subfield>
  </datafield>
  <datafield tag="852" ind1=" " ind2=" ">
    <subfield code="a">ES-MaACL</subfield>
    <subfield code="j">A-14208</subfield>
    <subfield code="h">Donaci&#xF3;n:  Amadeo Al&#xE1;ez Rojo</subfield>
    <subfield code="b">R.151608</subfield>
    <subfield code="c">DEPO1</subfield>
    <subfield code="p">Vol. 6</subfield>
    <subfield code="x">Encuadernaci&#xF3;n guaflex </subfield>
    <subfield code="d">Olim: N-7208</subfield>
    <subfield code="9"> 200921</subfield>
  </datafield>
  <datafield tag="852" ind1=" " ind2=" ">
    <subfield code="a">ES-MaACL</subfield>
    <subfield code="j">A-14209</subfield>
    <subfield code="h">Donaci&#xF3;n:  Amadeo Al&#xE1;ez Rojo</subfield>
    <subfield code="b">R.151608</subfield>
    <subfield code="c">DEPO1</subfield>
    <subfield code="p">Vol. 7</subfield>
    <subfield code="x">Encuadernaci&#xF3;n guaflex </subfield>
    <subfield code="d">Olim: N-7209</subfield>
    <subfield code="9">: 200922</subfield>
  </datafield>
  <datafield tag="852" ind1=" " ind2=" ">
    <subfield code="a">ES-MaACL</subfield>
    <subfield code="j">A-14210</subfield>
    <subfield code="h">Donaci&#xF3;n:  Amadeo Al&#xE1;ez Rojo</subfield>
    <subfield code="b">R.151608</subfield>
    <subfield code="c">DEPO1</subfield>
    <subfield code="p">Vol. 8</subfield>
    <subfield code="x">Encuadernaci&#xF3;n guaflex </subfield>
    <subfield code="d">Olim: N-7210</subfield>
    <subfield code="9"> 200923</subfield>
  </datafield>
  <datafield tag="852" ind1=" " ind2=" ">
    <subfield code="a">ES-MaACL</subfield>
    <subfield code="j">A-14211</subfield>
    <subfield code="h">Donaci&#xF3;n:  Amadeo Al&#xE1;ez Rojo</subfield>
    <subfield code="b">R.151608</subfield>
    <subfield code="c">DEPO1</subfield>
    <subfield code="p">Vol. 9</subfield>
    <subfield code="x">Encuadernaci&#xF3;n guaflex </subfield>
    <subfield code="9">200924</subfield>
    <subfield code="d">Olim: N-7211</subfield>
  </datafield>
  <datafield tag="852" ind1=" " ind2=" ">
    <subfield code="a">ES-MaACL</subfield>
    <subfield code="j">A-14212</subfield>
    <subfield code="h">Donaci&#xF3;n:  Amadeo Al&#xE1;ez Rojo</subfield>
    <subfield code="b">R.151608</subfield>
    <subfield code="c">DEPO1</subfield>
    <subfield code="p">Vol. 10</subfield>
    <subfield code="x">Encuadernaci&#xF3;n guaflex </subfield>
    <subfield code="d">Olim: N 7212</subfield>
    <subfield code="9">200925</subfield>
  </datafield>
  <datafield tag="866" ind1=" " ind2="0">
    <subfield code="o">1972-1981.</subfield>
  </datafield>
  <datafield tag="903" ind1=" " ind2=" ">
    <subfield code="9">19076</subfield>
    <subfield code="a">Al&#xE1;ez Rojo, Amadeo</subfield>
    <subfield code="e">dnr</subfield>
  </datafield>
  <datafield tag="942" ind1=" " ind2=" ">
    <subfield code="2">udc</subfield>
    <subfield code="c">MONOGRAFIA</subfield>
  </datafield>
  <datafield tag="999" ind1=" " ind2=" ">
    <subfield code="c">187597</subfield>
    <subfield code="d">187597</subfield>
  </datafield>
  <datafield tag="952" ind1=" " ind2=" ">
    <subfield code="0">0</subfield>
    <subfield code="1">0</subfield>
    <subfield code="2">udc</subfield>
    <subfield code="4">0</subfield>
    <subfield code="7">0</subfield>
    <subfield code="a">ATENEOM</subfield>
    <subfield code="b">ATENEOM</subfield>
    <subfield code="c">DEPO1</subfield>
    <subfield code="d">2018-08-28</subfield>
    <subfield code="e">DONACION</subfield>
    <subfield code="h">v.1</subfield>
    <subfield code="l">0</subfield>
    <subfield code="o">A-14203</subfield>
    <subfield code="p">1199230</subfield>
    <subfield code="r">2023-02-23 00:00:00</subfield>
    <subfield code="w">2023-02-23</subfield>
    <subfield code="y">MONOGRAFIA</subfield>
  </datafield>
  <datafield tag="952" ind1=" " ind2=" ">
    <subfield code="0">0</subfield>
    <subfield code="1">0</subfield>
    <subfield code="2">udc</subfield>
    <subfield code="4">0</subfield>
    <subfield code="7">0</subfield>
    <subfield code="a">ATENEOM</subfield>
    <subfield code="b">ATENEOM</subfield>
    <subfield code="c">DEPO1</subfield>
    <subfield code="d">2023-12-18</subfield>
    <subfield code="e">DONACION</subfield>
    <subfield code="h">v.2</subfield>
    <subfield code="l">0</subfield>
    <subfield code="o">A-14204</subfield>
    <subfield code="p">101206196</subfield>
    <subfield code="r">2023-12-18 00:00:00</subfield>
    <subfield code="w">2023-12-18</subfield>
    <subfield code="y">MONOGRAFIA</subfield>
  </datafield>
  <datafield tag="952" ind1=" " ind2=" ">
    <subfield code="0">0</subfield>
    <subfield code="1">0</subfield>
    <subfield code="2">udc</subfield>
    <subfield code="4">0</subfield>
    <subfield code="7">0</subfield>
    <subfield code="a">ATENEOM</subfield>
    <subfield code="b">ATENEOM</subfield>
    <subfield code="c">DEPO1</subfield>
    <subfield code="d">2023-12-18</subfield>
    <subfield code="e">DONACION</subfield>
    <subfield code="h">v.3</subfield>
    <subfield code="l">0</subfield>
    <subfield code="o">A-14205</subfield>
    <subfield code="p">101206197</subfield>
    <subfield code="r">2023-12-18 00:00:00</subfield>
    <subfield code="w">2023-12-18</subfield>
    <subfield code="y">MONOGRAFIA</subfield>
  </datafield>
  <datafield tag="952" ind1=" " ind2=" ">
    <subfield code="0">0</subfield>
    <subfield code="1">0</subfield>
    <subfield code="2">udc</subfield>
    <subfield code="4">0</subfield>
    <subfield code="7">0</subfield>
    <subfield code="a">ATENEOM</subfield>
    <subfield code="b">ATENEOM</subfield>
    <subfield code="c">DEPO1</subfield>
    <subfield code="d">2023-12-18</subfield>
    <subfield code="e">DONACION</subfield>
    <subfield code="h">v.4</subfield>
    <subfield code="l">0</subfield>
    <subfield code="o">A-14206</subfield>
    <subfield code="p">101206198</subfield>
    <subfield code="r">2023-12-18 00:00:00</subfield>
    <subfield code="w">2023-12-18</subfield>
    <subfield code="y">MONOGRAFIA</subfield>
  </datafield>
  <datafield tag="952" ind1=" " ind2=" ">
    <subfield code="0">0</subfield>
    <subfield code="1">0</subfield>
    <subfield code="2">udc</subfield>
    <subfield code="4">0</subfield>
    <subfield code="7">0</subfield>
    <subfield code="a">ATENEOM</subfield>
    <subfield code="b">ATENEOM</subfield>
    <subfield code="c">DEPO1</subfield>
    <subfield code="d">2023-12-18</subfield>
    <subfield code="e">DONACION</subfield>
    <subfield code="h">v.5</subfield>
    <subfield code="l">0</subfield>
    <subfield code="o">A-14207</subfield>
    <subfield code="p">101206199</subfield>
    <subfield code="r">2023-12-18 00:00:00</subfield>
    <subfield code="w">2023-12-18</subfield>
    <subfield code="y">MONOGRAFIA</subfield>
  </datafield>
  <datafield tag="952" ind1=" " ind2=" ">
    <subfield code="0">0</subfield>
    <subfield code="1">0</subfield>
    <subfield code="2">udc</subfield>
    <subfield code="4">0</subfield>
    <subfield code="7">0</subfield>
    <subfield code="a">ATENEOM</subfield>
    <subfield code="b">ATENEOM</subfield>
    <subfield code="c">DEPO1</subfield>
    <subfield code="d">2023-12-18</subfield>
    <subfield code="e">DONACION</subfield>
    <subfield code="h">v.6</subfield>
    <subfield code="l">0</subfield>
    <subfield code="o">A-14208</subfield>
    <subfield code="p">101206200</subfield>
    <subfield code="r">2023-12-18 00:00:00</subfield>
    <subfield code="w">2023-12-18</subfield>
    <subfield code="y">MONOGRAFIA</subfield>
  </datafield>
  <datafield tag="952" ind1=" " ind2=" ">
    <subfield code="0">0</subfield>
    <subfield code="1">0</subfield>
    <subfield code="2">udc</subfield>
    <subfield code="4">0</subfield>
    <subfield code="7">0</subfield>
    <subfield code="a">ATENEOM</subfield>
    <subfield code="b">ATENEOM</subfield>
    <subfield code="c">DEPO1</subfield>
    <subfield code="d">2023-12-18</subfield>
    <subfield code="e">DONACION</subfield>
    <subfield code="h">v.7</subfield>
    <subfield code="l">0</subfield>
    <subfield code="o">A-14209</subfield>
    <subfield code="p">101206201</subfield>
    <subfield code="r">2023-12-18 00:00:00</subfield>
    <subfield code="w">2023-12-18</subfield>
    <subfield code="y">MONOGRAFIA</subfield>
  </datafield>
  <datafield tag="952" ind1=" " ind2=" ">
    <subfield code="0">0</subfield>
    <subfield code="1">0</subfield>
    <subfield code="2">udc</subfield>
    <subfield code="4">0</subfield>
    <subfield code="7">0</subfield>
    <subfield code="a">ATENEOM</subfield>
    <subfield code="b">ATENEOM</subfield>
    <subfield code="c">DEPO1</subfield>
    <subfield code="d">2023-12-18</subfield>
    <subfield code="e">DONACION</subfield>
    <subfield code="h">v.8</subfield>
    <subfield code="l">0</subfield>
    <subfield code="o">A-14210</subfield>
    <subfield code="p">101206202</subfield>
    <subfield code="r">2023-12-18 00:00:00</subfield>
    <subfield code="w">2023-12-18</subfield>
    <subfield code="y">MONOGRAFIA</subfield>
  </datafield>
  <datafield tag="952" ind1=" " ind2=" ">
    <subfield code="0">0</subfield>
    <subfield code="1">0</subfield>
    <subfield code="2">udc</subfield>
    <subfield code="4">0</subfield>
    <subfield code="7">0</subfield>
    <subfield code="a">ATENEOM</subfield>
    <subfield code="b">ATENEOM</subfield>
    <subfield code="c">DEPO1</subfield>
    <subfield code="d">2023-12-18</subfield>
    <subfield code="e">DONACION</subfield>
    <subfield code="h">v. 9</subfield>
    <subfield code="l">0</subfield>
    <subfield code="o">A-14211</subfield>
    <subfield code="p">101206203</subfield>
    <subfield code="r">2023-12-18 00:00:00</subfield>
    <subfield code="w">2023-12-18</subfield>
    <subfield code="y">MONOGRAFIA</subfield>
  </datafield>
  <datafield tag="952" ind1=" " ind2=" ">
    <subfield code="0">0</subfield>
    <subfield code="1">0</subfield>
    <subfield code="2">udc</subfield>
    <subfield code="4">0</subfield>
    <subfield code="7">0</subfield>
    <subfield code="a">ATENEOM</subfield>
    <subfield code="b">ATENEOM</subfield>
    <subfield code="c">DEPO1</subfield>
    <subfield code="d">2023-12-18</subfield>
    <subfield code="e">DONACION</subfield>
    <subfield code="h">v. 10</subfield>
    <subfield code="l">0</subfield>
    <subfield code="o">A-14212</subfield>
    <subfield code="r">2023-12-18 00:00:00</subfield>
    <subfield code="w">2023-12-18</subfield>
    <subfield code="y">MONOGRAFIA</subfield>
  </datafield>
</record>
